Sports Quiz

Random Sports or Play Quiz

NCAA Tournament Champions (1939-2017) Quiz Stats

 Plays Quiz not verified by Sporcle

Challenge
Share
Tweet
Embed
Score 0/79 Timer 07:00
0 Plays Today
Year Winning Team % Correct
2016???
98.2%
2012???
97.3%
1998???
97.3%
1996???
97.3%
1978???
97.3%
1958???
97.3%
1951???
97.3%
1949???
97.3%
1948???
97.3%
1995???
96.4%
1975???
96.4%
1973???
96.4%
1972???
96.4%
1971???
96.4%
1970???
96.4%
1969???
96.4%
1968???
96.4%
1967???
96.4%
1965???
96.4%
1964???
96.4%
2015???
96%
2010???
96%
2001???
96%
1992???
96%
1991???
96%
2009???
95.1%
2005???
95.1%
1993???
95.1%
1982???
95.1%
1957???
95.1%
2008???
93.9%
1988???
93.9%
1952???
93.9%
1989???
93.7%
2007???
93%
2006???
93%
2000???
92.2%
1979???
92.2%
2014???
91.9%
2011???
91.9%
Year Winning Team % Correct
2004???
91.9%
1999???
91.9%
2013???
91.7%
1986???
91.7%
1980???
91.7%
2003???
91.3%
1985???
90.6%
1984???
90.6%
1987???
90.1%
1981???
90.1%
1976???
90.1%
1953???
90.1%
1940???
90.1%
1997???
88.8%
2017???
88.4%
1960???
86.3%
1994???
85.2%
1983???
83.4%
2002???
80.9%
1990???
79.4%
1941???
78.5%
1939???
72.2%
1959???
71.7%
1977???
69.5%
1956???
65%
1955???
65%
1962???
64.8%
1961???
64.8%
1946???
63.5%
1945???
63.5%
1974???
63%
1944???
58.5%
1966???
58.1%
1954???
53.6%
1942???
53.6%
1950???
43.7%
1947???
37%
1963???
36.8%
1943???
33%

You're not logged in!

Compare scores with friends on all Sporcle quizzes.
Join for Free
OR
Log In

You Might Also Like...

Show Comments

Extras

Top Quizzes Today


Score Distribution

Your Account Isn't Verified!

In order to create a playlist on Sporcle, you need to verify the email address you used during registration. Go to your Sporcle Settings to finish the process.

Report this User

Report this user for behavior that violates our Community Guidelines.

Details: